Complete the Card - WWE Backlash 2004 - Statistics

General Stats
  • This quiz has been taken 11 times
  • The average score is 18 of 20
Answer Stats
Answer % Correct
Cactus Jack
100%
Chris Benoit
100%
Chris Jericho
100%
Christian
100%
Kane
100%
Lita
100%
Randy Orton
100%
Shawn Michaels
100%
Shelton Benjamin
100%
Triple H
100%
Trish Stratus
100%
Victoria
100%
Edge
88%
Ric Flair
88%
Rosey
75%
The Hurricane
75%
Robert Conway
63%
Sylvain Grenier
63%
Jonathan Coachman
50%
Tajiri
50%
No matching quizzes found
Score Distribution
Percent of People with Each Score
Percentile by Number Answered
Your Score History
You have not taken this quiz